Paris/ (Record no. 27160)

MARC details
000 -LEADER
fixed length control field 00871nam a2200253 a 4500
001 - CONTROL NUMBER
control field vtls002627660
003 - CONTROL NUMBER IDENTIFIER
control field MY-SjTCS
005 - DATE AND TIME OF LATEST TRANSACTION
control field 20200306154310.0
008 - FIXED-LENGTH DATA ELEMENTS--GENERAL INFORMATION
fixed length control field 110218s2003 ab 00| 0 eng
020 ## - INTERNATIONAL STANDARD BOOK NUMBER
International Standard Book Number 9812349464
039 #9 - LEVEL OF BIBLIOGRAPHIC CONTROL AND CODING DETAIL [OBSOLETE]
Level of rules in bibliographic description 201102181645
Level of effort used to assign nonsubject heading access points VLOAD
Level of effort used to assign subject headings 201101180954
Level of effort used to assign classification komathi
Level of effort used to assign subject headings 200910050952
Level of effort used to assign classification siew_eng
Level of effort used to assign subject headings 200910050951
Level of effort used to assign classification siew_eng
-- 200407271947
-- VLOAD
043 ## - GEOGRAPHIC AREA CODE
Geographic area code e-fr---
082 04 - DEWEY DECIMAL CLASSIFICATION NUMBER
Classification number 914.43604
Item number PAR
245 00 - TITLE STATEMENT
Title Paris/
Statement of responsibility, etc. project editor Caroline Radula-Scott; editorial director Brian Bell
250 ## - EDITION STATEMENT
Edition statement Updated ed.
260 ## - PUBLICATION, DISTRIBUTION, ETC.
Place of publication, distribution, etc. Singapore :
Name of publisher, distributor, etc. APA Publications,
Date of publication, distribution, etc. c2003.
300 ## - PHYSICAL DESCRIPTION
Extent 302 p. :
Other physical details ill. (chiefly col.), maps;
Dimensions 22 cm.
490 1# - SERIES STATEMENT
Series statement Insight guides
651 #0 - SUBJECT ADDED ENTRY--GEOGRAPHIC NAME
Geographic name Paris (France)
Form subdivision Guidebooks.
9 (RLIN) 31442
700 1# - ADDED ENTRY--PERSONAL NAME
Personal name Bell, Brian,
Dates associated with a name 1944-
9 (RLIN) 12962
700 1# - ADDED ENTRY--PERSONAL NAME
Personal name Radula-Scott, Caroline.
9 (RLIN) 209843
830 #0 - SERIES ADDED ENTRY--UNIFORM TITLE
Uniform title Insight guides
9 (RLIN) 12960
920 ## - Programme
Programme TCHT : 622681
Holdings
Withdrawn status Lost status Source of classification or shelving scheme Damaged status Not for loan Home library Current library Date acquired Total Checkouts Barcode Date last seen Date last checked out Copy number Uniform Resource Identifier Koha item type Public note
    Dewey Decimal Classification     Taylor's Library-TU Taylor's Library-TU 27/07/2004 23 5000026711 05/12/2019 05/03/2014 1 Floor 4, Shelf 36 , Side 2, TierNo 4, BayNo 1 Main Collection SHTEx,30010,02,CL